000 00434nam a2200157Ia 4500
008 230718s9999 xx 000 0 und d
041 _aeng
082 _a600
_bKUL
100 _aKulkarni A.D.
245 _aApplied Science - I
260 _c1997
_bTech Nova Publications
300 _a152
365 _cRs.
_b105.00
700 _aKulkarni A.D., Walekar V.K; Deshpande M.S. & Shukla S.N.
906 _dB:242531-Jul-1997
_cCHEM
_b15.75
999 _c296135
_d296135